Click the Train Song Title Ending - Statistics

General Stats
  • This quiz has been taken 32 times
  • The average score is 15 of 20
Answer Stats
Hint Answer % Correct
Wonder What You're Doing For the Rest of Your Life
96%
Hey, Soul Sister
96%
When I Look to the Sky
96%
Play that Song
96%
Calling All Angels
92%
50 Ways to Say Goodbye
88%
Angel in Blue Jeans
88%
The Finish Line
88%
Drink Up
88%
Drive By
84%
Cadillac, Cadillac
84%
Drops of Jupiter
80%
If It's Love
68%
It's About You
68%
Lincoln Avenue
64%
Shake Up Christmas
56%
Meet Virginia
52%
Save Me, San Francisco
48%
California 37
32%
Bulletproof Picasso
28%
No matching quizzes found
Score Distribution
Percent of People with Each Score
Percentile by Number Answered
Your Score History
You have not taken this quiz